Französische Ligue 1 Vereine nach Abzeichen - Statistiken

Allgemein
  • Dieses Quiz wurde 546 mal gespielt
    301 seit der letzten Aktualisierung
  • Das Durchschnittsergebnis liegt bei 14 aus 18
Antwortstatistiken
Bildquiz Antwort % Korrekt
Paris Saint-Germain
98%
AS Monaco
94%
OSC Lille
90%
Stade Rennes
89%
OGC Nizza
86%
Olympique Lyon
86%
Racing Straßburg
84%
RC Lens
84%
FC Toulouse
80%
HSC Montpellier
79%
Stade Brest
76%
Olympique Marseille
74%
FC Metz
69%
FC Lorient
66%
Stade Reims
59%
FC Nantes
49%
Le Havre AC
49%
Clermont Foot
42%
Keine übereinstimmenden Quizze gefunden
Verteilung der Resultate
Anzahl Personen mit jedem Resultat
Perzentil nach korrekt beantworteten Fragen
Ihre Resultats-Entwicklung
Sie haben dieses Quiz seit der letzten Aktualisierung nicht gespielt